[Event "V Festival A"]
[Site "Nichelino ITA"]
[Date "2004.10.09"]
[Round "4"]
[White "Gussone, Claudio"]
[Black "Rotundo, Raffaele"]
[Result "0-1"]
[WhiteElo "1980"]
[BlackElo "2123"]
[PlyCount "118"]
[EventDate "2004.10.07"]

1. c4 c6 2. d4 d5 3. cxd5 cxd5 4. Nc3 Nf6 5. Nf3 Nc6 6. g3 Bf5 7. Bg2 e6 8. a3
Be7 9. O-O O-O 10. Bf4 Ne4 11. Rc1 Nxc3 12. Rxc3 Qb6 13. b4 a5 14. bxa5 Rxa5
15. Qb3 Qa6 16. Ra1 Ra8 17. Bc1 Rb5 18. Qd1 Na5 19. Ne5 f6 20. Nd7 b6 21. a4
Nc4 22. e4 dxe4 23. Rxc4 Rd5 24. Bf1 Qa7 25. Qb3 Rxd7 26. Rc6 Rxd4 27. Rxb6
Rxa4 28. Rb1 Bc5 29. Rb5 Bxf2+ 30. Kg2 Bd4 31. Rxf5 Ra2+ 32. Kh3 Ra5 33. Rxa5
Qxa5 34. Qxe6+ Kh8 35. Qxe4 Qh5+ 36. Qh4 Qf5+ 37. Qg4 Qxb1 38. Qxd4 Qxc1 39.
Bg2 Qc8+ 40. Qg4 Qxg4+ 41. Kxg4 Ra4+ 42. Kf3 Kg8 43. Ke3 Kf7 44. Bd5+ Ke7 45.
h4 Kd6 46. Bf3 Ke5 47. Kf2 h6 48. Ke3 g5 49. hxg5 hxg5 50. g4 Ra3+ 51. Kf2
Rxf3+ 52. Kxf3 Kd4 53. Kf2 Ke4 54. Kg3 Ke3 55. Kh2 Kf4 56. Kh3 Kf3 57. Kh2 Kxg4
58. Kg2 f5 59. Kf2 f4 0-1

[Event "V Festival A"]
[Site "Nichelino ITA"]
[Date "2004.10.09"]
[Round "4"]
[White "Kidane, Robel"]
[Black "Fortino, Fabrizio"]
[Result "1-0"]
[WhiteElo "2095"]
[BlackElo "1918"]
[PlyCount "87"]
[EventDate "2004.10.07"]

1. e4 c5 2. Nf3 Nc6 3. d4 cxd4 4. Nxd4 Nf6 5. Nc3 e5 6. Ndb5 d6 7. Bg5 a6 8.
Na3 b5 9. Nd5 Be7 10. Bxf6 Bxf6 11. c3 O-O 12. Nc2 Bg5 13. h4 Bh6 14. g4 Bf4
15. Qf3 Be6 16. Nxf4 Qf6 17. g5 Qxf4 18. Qxf4 exf4 19. Nd4 Ne5 20. Be2 Rac8 21.
a4 bxa4 22. Rxa4 Rb8 23. b4 Rfc8 24. Nxe6 fxe6 25. Kd2 Nc4+ 26. Bxc4 Rxc4 27.
Rxa6 Rbc8 28. Rxd6 Rxc3 29. Rd8+ Rxd8+ 30. Kxc3 Kf7 31. Ra1 Rd7 32. b5 Kg6 33.
Kc4 Kh5 34. b6 Kxh4 35. Ra7 Rd1 36. Rxg7 Rb1 37. b7 Kg4 38. Rxh7 Kxg5 39. f3
Kg6 40. Rd7 Kf6 41. Kc5 Ke5 42. Kc6 Rc1+ 43. Kb6 Rb1+ 44. Kc7 1-0

[Event "V Festival A"]
[Site "Nichelino ITA"]
[Date "2004.10.09"]
[Round "4"]
[White "Malano, Francesco"]
[Black "Pulito, Alberto"]
[Result "1/2-1/2"]
[WhiteElo "2060"]
[BlackElo "2136"]
[PlyCount "98"]
[EventDate "2004.10.07"]

1. Nf3 d5 2. g3 Nf6 3. Bg2 c6 4. b3 Bf5 5. Bb2 e6 6. O-O Bd6 7. d3 Nbd7 8. e4
Bg4 9. h3 Bxf3 10. Qxf3 Qc7 11. exd5 cxd5 12. c4 O-O 13. Nc3 Bb4 14. Rac1 dxc4
15. dxc4 Rab8 16. Nb5 Qb6 17. Qe2 a6 18. Nd4 Rfd8 19. Rfd1 Nf8 20. Nf3 Bc5 21.
Rd2 Rxd2 22. Nxd2 Rd8 23. Ne4 Nxe4 24. Bxe4 Qd6 25. Kg2 b6 26. Bf3 Ng6 27. Rd1
Qxd1 28. Qxd1 Rxd1 29. Bxd1 f6 30. f4 Kf7 31. Kf3 Ne7 32. Bc2 g6 33. Be4 Nf5
34. Bxf5 exf5 35. Bc1 Bd6 36. Be3 Bc7 37. Ke2 Ke6 38. Kd3 Kd6 39. Bd4 Bd8 40.
Bc3 Kc6 41. Bb4 Kc7 42. Kd4 Kc6 43. Bf8 h5 44. h4 g5 45. b4 gxh4 46. gxh4 Bc7
47. Ke3 b5 48. c5 Kd7 49. Kd4 Ke6 1/2-1/2

[Event "V Festival A"]
[Site "Nichelino ITA"]
[Date "2004.10.09"]
[Round "4"]
[White "Matta, Francesca"]
[Black "D'Amato, Piergiorgio"]
[Result "1/2-1/2"]
[WhiteElo "1857"]
[BlackElo "1789"]
[PlyCount "64"]
[EventDate "2004.10.07"]

1. d4 Nf6 2. c4 g6 3. Nc3 d5 4. cxd5 Nxd5 5. e4 Nxc3 6. bxc3 Bg7 7. Nf3 O-O 8.
Be3 c5 9. Be2 Nc6 10. Qd2 Qa5 11. Rd1 Rd8 12. O-O Bg4 13. Qb2 Rd7 14. Rd3 Rad8
15. Rfd1 Bxf3 16. gxf3 Qa4 17. d5 Ne5 18. R3d2 c4 19. f4 Nd3 20. Bxd3 cxd3 21.
Rxd3 Qxe4 22. Qd2 b6 23. a3 Rd6 24. Qa2 Rc8 25. Qb3 Qc4 26. Qxc4 Rxc4 27. Kf1
Rxc3 28. Rxc3 Bxc3 29. Rc1 Bf6 30. Rc7 Rxd5 31. Rxa7 Rb5 32. Ra6 Bb2 1/2-1/2

[Event "V Festival A"]
[Site "Nichelino ITA"]
[Date "2004.10.09"]
[Round "4"]
[White "Mrdja, Milan"]
[Black "Castaldo, Folco"]
[Result "1/2-1/2"]
[WhiteElo "2420"]
[BlackElo "2361"]
[PlyCount "103"]
[EventDate "2004.10.07"]

1. e4 d6 2. d4 Nf6 3. Nc3 g6 4. f3 c6 5. Be3 b5 6. Qd2 Nbd7 7. a4 b4 8. Nd1 a5
9. g4 h6 10. b3 Nb6 11. Nb2 h5 12. gxh5 Nxh5 13. Ne2 Bg7 14. O-O-O Qc7 15. Kb1
Bd7 16. Rc1 Be6 17. Nd3 Rd8 18. Nef4 Nxf4 19. Nxf4 Bc8 20. Qf2 Nd7 21. h4 c5
22. Bb5 Bb7 23. h5 cxd4 24. Bxd4 Bxd4 25. Qxd4 e5 26. Qb2 Qc3 27. Qxc3 bxc3 28.
hxg6 Rxh1 29. Rxh1 exf4 30. g7 Ke7 31. Bxd7 Rg8 32. Bf5 Rxg7 33. Rd1 d5 34.
exd5 Kd6 35. Rd3 Rg5 36. Bh7 Rh5 37. Bg8 Rxd5 38. Rxc3 Rd1+ 39. Kb2 Rf1 40.
Bxf7 Bxf3 41. Rd3+ Kc5 42. Bc4 Rf2 43. Rc3 Kd4 44. Bd3 Bd5 45. Rc7 Rd2 46. Rd7
Rxd3 47. cxd3 f3 48. Rd8 f2 49. Rf8 Ke3 50. Rxf2 Kxf2 51. Kc3 Ke3 52. b4
1/2-1/2

[Event "V Festival A"]
[Site "Nichelino ITA"]
[Date "2004.10.09"]
[Round "4"]
[White "Nardelli, Marco"]
[Black "Stroppa, Daniel"]
[Result "1/2-1/2"]
[WhiteElo "1999"]
[BlackElo "2219"]
[PlyCount "133"]
[EventDate "2004.10.07"]

1. e4 d6 2. d4 Nf6 3. Nc3 g6 4. g3 Bg7 5. Bg2 O-O 6. Nge2 e5 7. h3 Nc6 8. Be3
exd4 9. Nxd4 Bd7 10. O-O Re8 11. Qd2 a6 12. a4 Na5 13. b3 c5 14. Nde2 Bc6 15.
f3 b6 16. Rad1 d5 17. exd5 Nxd5 18. Bg5 Bf6 19. Bxf6 Qxf6 20. Ne4 Qg7 21. Nf4
Ne7 22. Rfe1 Nb7 23. Nd3 Nf5 24. Qf4 Rec8 25. Ne5 Nd4 26. Nc4 Nxc2 27. Nf6+ Kh8
28. Re7 Rd8 29. Rxd8+ Rxd8 30. Nxh7 Qd4+ 31. Qxd4+ cxd4 32. Rxf7 Bd5 33. Rc7
Bxc4 34. bxc4 Kg8 35. Nf6+ Kf8 36. Rxb7 d3 37. Bf1 d2 38. Be2 d1=Q+ 39. Bxd1
Rxd1+ 40. Kf2 Rd2+ 41. Kf1 Ne3+ 42. Ke1 Rc2 43. Ne4 Ng2+ 44. Kf1 Ne3+ 45. Kg1
Nxc4 46. h4 Ra2 47. g4 Rxa4 48. h5 gxh5 49. gxh5 Ra5 50. h6 Rh5 51. h7 Ne5 52.
Kf2 Nf7 53. Rxb6 Rxh7 54. Rxa6 Rh5 55. f4 Rb5 56. Ra8+ Kg7 57. Ra7 Rb2+ 58. Kf3
Kg6 59. Ra6+ Kg7 60. Ra3 Rb1 61. Ng3 Nd6 62. Ra7+ Kf8 63. Rd7 Nb7 64. Rd5 Rb2
65. Ne4 Ke7 66. f5 Rb6 67. Kf4 1/2-1/2

[Event "V Festival A"]
[Site "Nichelino ITA"]
[Date "2004.10.09"]
[Round "4"]
[White "Paragua, Mark"]
[Black "Ranieri, Fabrizio"]
[Result "1-0"]
[WhiteElo "2534"]
[BlackElo "2213"]
[PlyCount "51"]
[EventDate "2004.10.07"]

1. e4 e6 2. d3 d5 3. Qe2 d4 4. Nf3 c5 5. g3 Nc6 6. e5 Nge7 7. Bg2 Qc7 8. O-O
Ng6 9. Re1 f5 10. exf6 gxf6 11. h4 Bd6 12. Na3 e5 13. Nd2 a6 14. Ne4 Be7 15.
Qf3 f5 16. Ng5 Bxg5 17. Bxg5 Be6 18. Qh5 Qf7 19. Qh6 Bd5 20. h5 Nge7 21. Bxd5
Qxd5 22. Nc4 Kd8 23. Bxe7+ Kxe7 24. Qg7+ Ke6 25. Rxe5+ Nxe5 26. Re1 1-0

[Event "V Festival A"]
[Site "Nichelino ITA"]
[Date "2004.10.09"]
[Round "4"]
[White "Quagliana, Giuseppe"]
[Black "Catana, Costel"]
[Result "1/2-1/2"]
[WhiteElo "1879"]
[BlackElo "2100"]
[PlyCount "103"]
[EventDate "2004.10.07"]

1. d4 d5 2. c4 e6 3. Nc3 Nf6 4. cxd5 exd5 5. Bg5 Be7 6. e3 c6 7. Qc2 Bg4 8. Bd3
Nbd7 9. Nge2 Nf8 10. f3 Bd7 11. O-O Nh5 12. Bxe7 Qxe7 13. e4 Nf6 14. e5 Ng8 15.
f4 g6 16. Rae1 Nh6 17. Nc1 Nf5 18. Nb3 b6 19. g4 Ng7 20. f5 Qh4 21. Qg2 gxf5
22. gxf5 Nh5 23. Re3 Nf4 24. Qg3 Qxg3+ 25. Rxg3 Nxd3 26. Rxd3 Rg8+ 27. Rg3
Rxg3+ 28. hxg3 h5 29. Rf4 Nh7 30. Nd2 Ke7 31. Nf3 Rg8 32. Kf2 Ng5 33. Nxg5 Rxg5
34. f6+ Ke6 35. b4 c5 36. bxc5 bxc5 37. dxc5 Kxe5 38. Ne2 Rf5 39. Rxf5+ Kxf5
40. Ke3 Kxf6 41. Kd4 Kf5 42. Ke3 Kg4 43. Kf2 f5 44. Nd4 f4 45. gxf4 Kxf4 46. c6
Bg4 47. Nb5 h4 48. Nxa7 h3 49. Nb5 Ke4 50. c7 d4 51. Nd6+ Kd5 52. Kg3 1/2-1/2

[Event "V Festival A"]
[Site "Nichelino ITA"]
[Date "2004.10.09"]
[Round "4"]
[White "Racioppo, Paolo"]
[Black "Lorusso, Giuseppe"]
[Result "1-0"]
[WhiteElo "2214"]
[BlackElo "1987"]
[PlyCount "117"]
[EventDate "2004.10.07"]

1. e4 c5 2. d3 Nc6 3. Nc3 g6 4. g3 Bg7 5. Bg2 e6 6. Nge2 Nge7 7. h4 d6 8. h5
Rb8 9. h6 Bf6 10. Be3 Nd4 11. O-O O-O 12. Rb1 b5 13. a3 a5 14. Qd2 b4 15. axb4
axb4 16. Nd1 Nec6 17. f4 Nxe2+ 18. Qxe2 Nd4 19. Qd2 b3 20. c3 Nc2 21. Bf2 e5
22. Ne3 Nxe3 23. Bxe3 Qe7 24. Rf2 Bh8 25. f5 Bf6 26. g4 Bh4 27. Rf3 f6 28. Rff1
g5 29. Ra1 Rd8 30. Bf2 Bxf2+ 31. Kxf2 Rd7 32. Bf3 Ra7 33. Rab1 Ra2 34. Be2 Qa7
35. Kg3 Ba6 36. Rfd1 Qc7 37. Rdc1 Bb5 38. Kf3 Bc6 39. Kf2 Qb6 40. Qe3 d5 41.
exd5 Bxd5 42. Rd1 Bf7 43. Bf3 Ra4 44. Be4 Rd8 45. Ra1 Ra2 46. Rab1 Bd5 47.
Bxd5+ Rxd5 48. Qe4 Rd8 49. Qc4+ Kf8 50. Rd2 Rda8 51. Qd5 R8a4 52. c4 Ra1 53.
Rxa1 Rxa1 54. Qd7 Ra7 55. Qc8+ Ke7 56. Qg8 Kd6 57. Ke3 Rc7 58. Rd1 Qa6 59. Qd8+
1-0

[Event "V Festival A"]
[Site "Nichelino ITA"]
[Date "2004.10.10"]
[Round "5"]
[White "Castaldo, Folco"]
[Black "Paragua, Mark"]
[Result "0-1"]
[WhiteElo "2361"]
[BlackElo "2534"]
[PlyCount "54"]
[EventDate "2004.10.07"]

1. e4 c5 2. c3 g6 3. Nf3 Bg7 4. Bc4 d6 5. O-O Nf6 6. Re1 O-O 7. Bf1 Nc6 8. h3
e5 9. Na3 Ne8 10. Bb5 Bd7 11. d4 exd4 12. Bxc6 bxc6 13. cxd4 cxd4 14. Nxd4 Rb8
15. Rb1 Nc7 16. Nc4 d5 17. Na5 Rb6 18. Be3 c5 19. Ndb3 d4 20. Nxc5 Bxh3 21.
Nab7 Qh4 22. gxh3 dxe3 23. Rxe3 Ne6 24. Qg4 Qxg4+ 25. hxg4 Bd4 26. Nxe6 fxe6
27. Rb3 Rxf2 0-1

[Event "V Festival A"]
[Site "Nichelino ITA"]
[Date "2004.10.10"]
[Round "5"]
[White "D'Amato, Piergiorgio"]
[Black "Berutti, Mario"]
[Result "1-0"]
[WhiteElo "1789"]
[BlackElo "1814"]
[PlyCount "89"]
[EventDate "2004.10.07"]

1. e4 e5 2. Nf3 Nf6 3. d3 Nc6 4. Be2 Bc5 5. O-O O-O 6. Nbd2 d6 7. c3 a6 8. Nb3
Ba7 9. Qc2 Nh5 10. Nxe5 Nxe5 11. Bxh5 f5 12. d4 Ng4 13. Bxg4 fxg4 14. Be3 d5
15. exd5 Qxd5 16. Nd2 b5 17. Qb3 Bb7 18. Qxd5+ Bxd5 19. Nb3 h5 20. Nc5 a5 21.
Nd7 Rf5 22. b3 Re8 23. Ne5 c5 24. Rad1 Ba8 25. Rd2 b4 26. Rdd1 bxc3 27. Nc4 c2
28. Rd2 cxd4 29. Bxd4 Rd8 30. Bxa7 Rxd2 31. Nxd2 Rd5 32. Be3 Rd8 33. Rc1 Rc8
34. f3 Bb7 35. Kf2 gxf3 36. gxf3 Ba6 37. Nc4 Bxc4 38. bxc4 Rxc4 39. Bg5 Kf7 40.
h4 Ke6 41. Ke2 Kd5 42. Kd3 Ra4 43. Rxc2 Ra3+ 44. Ke2 a4 45. Rd2+ 1-0

[Event "V Festival A"]
[Site "Nichelino ITA"]
[Date "2004.10.10"]
[Round "5"]
[White "Ferrario, Enrico"]
[Black "Faraoni, Enrico"]
[Result "1-0"]
[WhiteElo "1888"]
[BlackElo "2162"]
[PlyCount "95"]
[EventDate "2004.10.07"]

1. e4 g6 2. d4 Bg7 3. c4 d6 4. Nc3 Nf6 5. Nf3 O-O 6. Be2 e5 7. O-O Nc6 8. d5
Ne7 9. Ne1 Ne8 10. Nd3 f5 11. f3 f4 12. c5 g5 13. b4 Rf6 14. Kf2 h5 15. h3 Rg6
16. Ke1 c6 17. Nf2 a5 18. Qb3 Kh8 19. Ba3 cxd5 20. exd5 axb4 21. Bxb4 Nf5 22.
Nfe4 Ne3 23. Rf2 Bf5 24. cxd6 Nxd6 25. Bxd6 Rxd6 26. Nxd6 Nc2+ 27. Qxc2 Bxc2
28. Nf7+ Kh7 29. Nxd8 e4 30. Nxe4 Bxa1 31. Ne6 Bxe4 32. Nxg5+ Kg6 33. Nxe4 Bd4
34. Rf1 Rxa2 35. d6 Bb6 36. d7 Ra5 37. Bc4 Ra4 38. Bd5 Rd4 39. Be6 Rb4 40. Ke2
Rb2+ 41. Kd3 Bd8 42. Rc1 Rb6 43. Bd5 Rb5 44. Rc5 Rb1 45. Rc8 Rd1+ 46. Kc4 b5+
47. Kc5 Be7+ 48. Kc6 1-0

[Event "V Festival A"]
[Site "Nichelino ITA"]
[Date "2004.10.10"]
[Round "5"]
[White "Ferrero, Oscar"]
[Black "Gussone, Claudio"]
[Result "0-1"]
[WhiteElo "1711"]
[BlackElo "1980"]
[PlyCount "76"]
[EventDate "2004.10.07"]

1. e4 d6 2. g3 g6 3. Bg2 Bg7 4. d3 Nf6 5. f4 c6 6. Nf3 Qb6 7. c3 O-O 8. Qe2
Nbd7 9. Be3 Qc7 10. O-O a5 11. h3 b6 12. Bf2 Ba6 13. Re1 Nc5 14. c4 e5 15. Nc3
exf4 16. gxf4 Rfe8 17. Nh4 Nh5 18. Qf3 Ne6 19. f5 Nd4 20. Bxd4 Bxd4+ 21. Kf1
Qe7 22. Qg4 Nf6 23. Qg3 Rac8 24. fxg6 fxg6 25. Nf5 Qe5 26. Qxe5 Bxe5 27. Nh6+
Kg7 28. Ng4 Nxg4 29. hxg4 b5 30. cxb5 cxb5 31. Ke2 b4 32. Na4 Rc2+ 33. Kd1 Rxg2
34. Rc1 Rf8 35. Rc7+ Kg8 36. Rh1 Rf7 37. Rc6 Bxd3 38. Rc8+ Kg7 0-1

[Event "V Festival A"]
[Site "Nichelino ITA"]
[Date "2004.10.10"]
[Round "5"]
[White "Fortino, Fabrizio"]
[Black "Domenichelli, Serafino"]
[Result "1-0"]
[WhiteElo "1918"]
[BlackElo "1805"]
[PlyCount "51"]
[EventDate "2004.10.07"]

1. e4 e5 2. f4 d6 3. Nf3 Nd7 4. d4 exd4 5. Nxd4 Ngf6 6. Nc3 Be7 7. Be2 Nc5 8.
Bf3 c6 9. Be3 a5 10. O-O Qc7 11. a4 O-O 12. Kh1 Bd7 13. Rg1 Rfc8 14. g4 Na6 15.
Nf5 Bxf5 16. exf5 d5 17. g5 Ne4 18. Bxe4 dxe4 19. Qg4 f6 20. Nxe4 Kh8 21. gxf6
Bxf6 22. Nxf6 gxf6 23. Bb6 Rg8 24. Bxc7 Rxg4 25. Rxg4 Nxc7 26. Re1 1-0

[Event "V Festival A"]
[Site "Nichelino ITA"]
[Date "2004.10.10"]
[Round "5"]
[White "Lorusso, Giuseppe"]
[Black "Ferretti, Rolando"]
[Result "1-0"]
[WhiteElo "1987"]
[BlackElo "1724"]
[PlyCount "55"]
[EventDate "2004.10.07"]

1. d4 d5 2. c4 c6 3. Nc3 Nf6 4. Nf3 Bf5 5. Qb3 Qb6 6. c5 Qxb3 7. axb3 Na6 8. e4
Nb4 9. Ra4 dxe4 10. Nh4 Nc2+ 11. Kd1 Nxd4 12. Rxd4 e5 13. Ra4 Be6 14. Bc4 Bg4+
15. f3 exf3 16. gxf3 Bh5 17. b4 O-O-O+ 18. Kc2 Kb8 19. Re1 Nd7 20. f4 f6 21.
Be6 Be7 22. Bxd7 Rxd7 23. fxe5 fxe5 24. Rxe5 g6 25. Bf4 Ka8 26. Ng2 Rf8 27. Re1
Rfd8 28. Rxa7+ 1-0

[Event "V Festival A"]
[Site "Nichelino ITA"]
[Date "2004.10.10"]
[Round "5"]
[White "Pulito, Alberto"]
[Black "Catana, Costel"]
[Result "1-0"]
[WhiteElo "2136"]
[BlackElo "2100"]
[PlyCount "75"]
[EventDate "2004.10.07"]

1. e4 c5 2. c3 Nf6 3. e5 Nd5 4. d4 cxd4 5. Nf3 e6 6. cxd4 d6 7. Nc3 Be7 8. Bd3
Nc6 9. exd6 Qxd6 10. O-O O-O 11. Ne4 Qd8 12. Bb1 a6 13. a3 b5 14. Neg5 g6 15.
h4 Nf6 16. Be3 Bb7 17. Qe2 Qd5 18. Ba2 Qf5 19. Rad1 Rad8 20. Bc1 Qg4 21. Nxe6
Nxd4 22. Rxd4 Bxf3 23. Qxf3 Qxf3 24. gxf3 fxe6 25. Bxe6+ Kg7 26. Rfd1 Rxd4 27.
Rxd4 Bc5 28. Rd1 Re8 29. Re1 Bd4 30. Kf1 h5 31. Bh3 Rb8 32. Re7+ Kf8 33. Rc7
Rb6 34. b4 Be5 35. Rc8+ Ke7 36. Be3 Rb7 37. Rc6 Rb8 38. Re6+ 1-0

[Event "V Festival A"]
[Site "Nichelino ITA"]
[Date "2004.10.10"]
[Round "5"]
[White "Racioppo, Paolo"]
[Black "Quagliana, Giuseppe"]
[Result "1/2-1/2"]
[WhiteElo "2214"]
[BlackElo "1879"]
[PlyCount "65"]
[EventDate "2004.10.07"]

1. f4 d5 2. Nf3 c5 3. e3 g6 4. d4 Nf6 5. c3 Qc7 6. Bd3 Bg7 7. O-O O-O 8. Qe1 b6
9. Ne5 Ba6 10. Bxa6 Nxa6 11. Nd2 c4 12. Qh4 e6 13. Rf3 Qd8 14. g4 b5 15. Rh3 h5
16. Ndf3 Nxg4 17. Nxg4 Qxh4 18. Rxh4 hxg4 19. Rxg4 Nc7 20. Bd2 Ne8 21. Be1 Nf6
22. Rg2 a5 23. Bh4 a4 24. Bxf6 Bxf6 25. h4 Kg7 26. h5 Rh8 27. hxg6 fxg6 28. Rf1
Rab8 29. Ng5 Bxg5 30. fxg5 Rbf8 31. Rxf8 Rxf8 32. Rf2 Rf5 33. Rg2 1/2-1/2

[Event "V Festival A"]
[Site "Nichelino ITA"]
[Date "2004.10.10"]
[Round "5"]
[White "Ranieri, Fabrizio"]
[Black "Nardelli, Marco"]
[Result "1/2-1/2"]
[WhiteElo "2213"]
[BlackElo "1999"]
[PlyCount "105"]
[EventDate "2004.10.07"]

1. e4 c5 2. Nf3 Nc6 3. d4 cxd4 4. Nxd4 Nf6 5. Nc3 e5 6. Ndb5 d6 7. Bg5 a6 8.
Na3 b5 9. Nd5 Be7 10. Bxf6 Bxf6 11. c3 Rb8 12. Nc2 Bg5 13. Bd3 Be6 14. Nce3
Bxe3 15. Nxe3 O-O 16. O-O Ne7 17. Re1 Kh8 18. Bc2 f5 19. exf5 Nxf5 20. Nxf5
Bxf5 21. Bxf5 Rxf5 22. Qd5 Qb6 23. Re2 Rbf8 24. Rf1 R5f6 25. Qe4 Qc5 26. Qe3
Qc4 27. a3 Qh4 28. Qe4 Qh5 29. Re3 h6 30. f3 Qf7 31. Rd3 Rc8 32. Rfd1 Qa7+ 33.
Kh1 Rc4 34. Qe3 Qc7 35. Qd2 Rc6 36. Rd5 Qb6 37. Qc2 b4 38. axb4 Qxb4 39. h3 Qc4
40. Rxe5 dxe5 41. Rd8+ Qg8 42. Rxg8+ Kxg8 43. Qe4 Rc5 44. c4 Rfc6 45. b3 a5 46.
Kh2 Kh8 47. Kg3 Kg8 48. h4 Kh8 49. Kh3 a4 50. bxa4 Rxc4 51. Qxe5 Ra6 52. a5 Rc8
53. g4 1/2-1/2

[Event "V Festival A"]
[Site "Nichelino ITA"]
[Date "2004.10.10"]
[Round "5"]
[White "Rotundo, Raffaele"]
[Black "Malano, Francesco"]
[Result "1-0"]
[WhiteElo "2123"]
[BlackElo "2060"]
[PlyCount "40"]
[EventDate "2004.10.07"]

1. e4 c5 2. Nf3 g6 3. d4 cxd4 4. Nxd4 Bg7 5. Nc3 Nc6 6. Be3 Nf6 7. f3 O-O 8.
Qd2 d5 9. exd5 Nxd5 10. Nxd5 Qxd5 11. Nxc6 Qxc6 12. c3 Be6 13. Be2 Rfd8 14. Qc1
Bc4 15. Bxc4 Qxc4 16. Kf2 Rd6 17. Rd1 Rad8 18. Qc2 Rxd1 19. Rxd1 Rxd1 20. Qxd1
Qxa2 1-0

[Event "V Festival A"]
[Site "Nichelino ITA"]
[Date "2004.10.10"]
[Round "5"]
[White "Sorcinelli, Francesco"]
[Black "Gaggino, Davide"]
[Result "0-1"]
[WhiteElo "2086"]
[BlackElo "1889"]
[PlyCount "82"]
[EventDate "2004.10.07"]

1. e4 d6 2. d4 Nf6 3. Nc3 c6 4. g3 e5 5. dxe5 dxe5 6. Qxd8+ Kxd8 7. Bg5 Be7 8.
O-O-O+ Nbd7 9. f4 Ng4 10. Bxe7+ Kxe7 11. Rd2 Nc5 12. h3 Ne3 13. Be2 Be6 14. b3
exf4 15. gxf4 f5 16. Bf3 fxe4 17. Nxe4 Nxe4 18. Bxe4 Kf6 19. Nf3 Bd5 20. Bxd5
Nxd5 21. c4 Nxf4 22. Rd6+ Ke7 23. c5 Rhd8 24. Re1+ Kf8 25. Re4 Nd3+ 26. Kc2
Nxc5 27. Rxd8+ Rxd8 28. Rf4+ Kg8 29. Nd4 Rf8 30. Nf5 g6 31. Ne7+ Kg7 32. Rxf8
Kxf8 33. Nc8 a5 34. a4 g5 35. Nd6 b6 36. Nc4 Nd7 37. Kd3 Ke7 38. Ke4 Ke6 39.
Kf3 Ne5+ 40. Kg3 Nxc4 41. bxc4 h5 0-1

[Event "V Festival A"]
[Site "Nichelino ITA"]
[Date "2004.10.10"]
[Round "5"]
[White "Stroppa, Daniel"]
[Black "Kidane, Robel"]
[Result "1-0"]
[WhiteElo "2219"]
[BlackElo "2095"]
[PlyCount "125"]
[EventDate "2004.10.07"]

1. d4 Nf6 2. Nc3 g6 3. Nf3 d5 4. Bf4 Bg7 5. e3 O-O 6. Be2 c5 7. Ne5 Nc6 8. O-O
cxd4 9. exd4 Bf5 10. Re1 Rc8 11. Nxc6 Rxc6 12. a4 a6 13. a5 Ne4 14. Nxe4 Bxe4
15. c3 Bf5 16. Bf3 Be6 17. Qb3 Qd7 18. Ra4 Rfc8 19. Rb4 Bg4 20. Rxb7 Qf5 21.
Bxg4 Qxf4 22. Bf3 e6 23. Be2 Qd6 24. Bf1 Bf8 25. Re3 Ra8 26. Rf3 Rc7 27. Rb6
Rc6 28. Rb7 Rc7 29. g3 Be7 30. Rb8+ Rc8 31. Rxc8+ Rxc8 32. Qa4 Qc6 33. Qd1 Qb7
34. b4 Rc6 35. Qd3 Bd8 36. h4 h5 37. Bh3 f5 38. Re3 Qc8 39. f4 Bf6 40. Bg2 Rxc3
41. Qe2 Rxe3 42. Qxe3 Kf7 43. Kh2 Qc4 44. Qa3 Bxd4 45. Qa4 Ke7 46. Qa3 Bc3 47.
b5+ Bb4 48. Qa1 Qxb5 49. Qg7+ Kd6 50. Qxg6 d4 51. Qxh5 d3 52. Qd1 d2 53. Bf3
Qc5 54. Qe2 Qxa5 55. h5 Qa1 56. h6 Qh8 57. Qxa6+ Kc5 58. Qxe6 Kd4 59. Qe5+ Qxe5
60. fxe5 Ke3 61. Bd1 Bc3 62. e6 Bf6 63. h7 1-0

[Event "V Festival A"]
[Site "Nichelino ITA"]
[Date "2004.10.10"]
[Round "6"]
[White "Domenichelli, Serafino"]
[Black "Matta, Francesca"]
[Result "1/2-1/2"]
[WhiteElo "1805"]
[BlackElo "1857"]
[PlyCount "92"]
[EventDate "2004.10.07"]

1. e4 e5 2. Nf3 Nc6 3. d4 exd4 4. Nxd4 Bc5 5. Be3 Qf6 6. c3 Nge7 7. Be2 O-O 8.
O-O d5 9. Nxc6 Qxc6 10. exd5 Nxd5 11. Bxc5 Qxc5 12. Bf3 Nf6 13. Nd2 c6 14. Nb3
Qb6 15. Qd4 Qxd4 16. Nxd4 Bg4 17. Bxg4 Nxg4 18. Rfe1 Rfe8 19. Nb3 b6 20. Rad1
Kf8 21. h3 Nf6 22. Kf1 Rxe1+ 23. Rxe1 Rd8 24. Ke2 c5 25. Rd1 Rxd1 26. Kxd1 Nd5
27. g3 h5 28. Kd2 g5 29. Kd3 Ke7 30. Ke4 Ke6 31. Nd2 f5+ 32. Kf3 g4+ 33. hxg4
hxg4+ 34. Ke2 Nf6 35. Kd3 Kd5 36. b3 Nd7 37. Ke3 Ne5 38. f3 Nxf3 39. c4+ Ke5
40. Nxf3+ gxf3 41. Kxf3 a6 42. a4 a5 43. Ke3 Ke6 44. Kf3 Ke5 45. Ke3 Ke6 46.
Kf3 Ke5 1/2-1/2

[Event "V Festival A"]
[Site "Nichelino ITA"]
[Date "2004.10.10"]
[Round "6"]
[White "Ferretti, Rolando"]
[Black "Sorcinelli, Francesco"]
[Result "0-1"]
[WhiteElo "1724"]
[BlackElo "2086"]
[PlyCount "78"]
[EventDate "2004.10.07"]

1. c4 g6 2. Nc3 Bg7 3. d4 d6 4. Nf3 Nf6 5. Bf4 O-O 6. e4 Nbd7 7. Be2 c6 8. O-O
Re8 9. Rc1 e5 10. dxe5 dxe5 11. Bd2 Qc7 12. b4 a5 13. b5 Nc5 14. Qc2 Bg4 15. a4
Rad8 16. Be3 Bf8 17. Rfd1 Ne6 18. h3 Bxf3 19. Bxf3 Nd4 20. Qb2 Bc5 21. Be2 Qb6
22. Bd3 Rd6 23. Rb1 Bb4 24. Na2 c5 25. Nc3 Bxc3 26. Qxc3 Qa7 27. Kf1 b6 28. Qc1
Red8 29. Bg5 Qe7 30. Qe3 Ne6 31. Be2 Rxd1+ 32. Rxd1 Rxd1+ 33. Bxd1 Nxg5 34.
Qxg5 Qd6 35. Bc2 Nxe4 36. Qg4 f5 37. Qe2 Nc3 38. Qf3 Qd2 39. Qa8+ Kg7 0-1

[Event "V Festival A"]
[Site "Nichelino ITA"]
[Date "2004.10.10"]
[Round "6"]
[White "Nardelli, Marco"]
[Black "Racioppo, Paolo"]
[Result "1-0"]
[WhiteElo "1999"]
[BlackElo "2214"]
[PlyCount "111"]
[EventDate "2004.10.07"]

1. e4 c5 2. Nf3 a6 3. c4 Nc6 4. d4 cxd4 5. Nxd4 e5 6. Nf3 Bc5 7. Nc3 Nf6 8. Be2
h6 9. O-O d6 10. a3 O-O 11. Qd3 Be6 12. Ne1 Nd4 13. Bd1 Rc8 14. b3 Qc7 15. Bb2
Ba7 16. Ne2 Nxe2+ 17. Bxe2 Qc6 18. Bf3 g5 19. Nc2 g4 20. Nb4 Qd7 21. Be2 Kg7
22. Rad1 Rg8 23. Qxd6 Qxd6 24. Rxd6 Nxe4 25. Bxe5+ f6 26. Rxe6 Kf7 27. Bd4 Kxe6
28. Bxa7 Nd2 29. Re1 Kf7 30. Bd1 h5 31. Be3 Ne4 32. Nd5 f5 33. Bc2 Rce8 34.
Bxe4 Rxe4 35. Nf4 Rge8 36. Rd1 h4 37. Rd7+ R8e7 38. Rxe7+ Rxe7 39. Kf1 g3 40.
hxg3 hxg3 41. Nd5 Re4 42. fxg3 b5 43. Ke2 bxc4 44. b4 Re5 45. Nc3 Re8 46. Kd2
Rd8+ 47. Kc2 Ke6 48. Bf4 Rh8 49. Nd1 Rc8 50. Ne3 Rc6 51. Kc3 Rc8 52. a4 Rc6 53.
b5 axb5 54. axb5 Rc5 55. Kb4 Rc8 56. Nxc4 1-0

[Event "V Festival A"]
[Site "Nichelino ITA"]
[Date "2004.10.10"]
[Round "6"]
[White "Quagliana, Giuseppe"]
[Black "Fortino, Fabrizio"]
[Result "1-0"]
[WhiteElo "1879"]
[BlackElo "1918"]
[PlyCount "41"]
[EventDate "2004.10.07"]

1. d4 Nf6 2. c4 e6 3. Nc3 Bb4 4. Qc2 O-O 5. a3 Bxc3+ 6. Qxc3 Ne4 7. Qc2 d5 8.
Nf3 Nd7 9. g3 Ndf6 10. Bg2 dxc4 11. Qxc4 a6 12. O-O Bd7 13. Qc2 Nd6 14. Ne5 Nd5
15. e4 Nb6 16. Nxd7 Qxd7 17. Rd1 Nb5 18. Be3 Qe7 19. Rac1 Rac8 20. d5 exd5 21.
Bxb6 1-0

[Event "V Festival A"]
[Site "Nichelino ITA"]
[Date "2004.10.10"]
[Round "6"]
[White "Ranieri, Fabrizio"]
[Black "Ferrario, Enrico"]
[Result "1-0"]
[WhiteElo "2213"]
[BlackElo "1888"]
[PlyCount "89"]
[EventDate "2004.10.07"]

1. e4 Nc6 2. d4 e5 3. Nf3 exd4 4. Bc4 Bc5 5. c3 Qe7 6. O-O Ne5 7. Nxe5 Qxe5 8.
Kh1 dxc3 9. Nxc3 Nf6 10. f4 Qd4 11. Qe2 d6 12. Nb5 Qxe4 13. Nxc7+ Kd7 14. Nxa8
Qxe2 15. Bxe2 b6 16. Bf3 Ba6 17. Rd1 Bb5 18. b4 Bxb4 19. Be3 Bc5 20. Bxc5 bxc5
21. Rac1 Bc6 22. Rxc5 Bxf3 23. Rc7+ Ke6 24. gxf3 Rxa8 25. f5+ Kxf5 26. Rxd6 Kf4
27. Kg2 Rb8 28. Rd2 Rb5 29. Rxa7 Ke3 30. Rf2 Rg5+ 31. Kf1 Nd5 32. Re2+ Kd3 33.
Ra3+ Kd4 34. Re4+ Kc5 35. Rg4 Rh5 36. Kg2 g6 37. Re4 Rf5 38. Kg3 h6 39. Ra8 h5
40. a4 f6 41. Rb8 g5 42. a5 Nf4 43. a6 Nd3 44. a7 h4+ 45. Kg4 1-0